000 00963nas a2200313 4500
001 BR2014004637
003 BR-BrBNA
005 20231205124311.0
007 ta
008 230509b bl.|||p| |||| 00| 00por d
040 _aBR-BrBNA
_bpor
_cBiblioteca Nacional de Agricultura
041 _a(Pt)
072 _aK50; H10
100 1 _aCalegari, L.
100 1 _aLopes, P.J.G.
100 1 _aSantana, G.M.
100 1 _aStangerlin, D.M.
100 1 _aOliveira, E. de
100 1 _aGatto, D.A.
245 1 _aEficiência de extrato Tânico combinado ou não com ácido bórico na proteção da madeira de Ceiba pentandra contra cupim xilófago
650 _aCUPIM DA MADEIRA
650 _aÁCIDO BORICO
650 _aLIXIVIAÇÃO
650 _aRENDIMENTO
650 _aCOMPENSADO
773 0 _tFloresta (Brazil)
_xISSN 0015-3826
_g(Jan-Mar 2014), v. 44(1) p. 43-52
_wBR2014004637
909 _a202311
_bLúcia
_c55
_dLúcia Elande
942 _2AGRIS
_n0
_cANA
999 _c238359
_d238359